000 00829nam a22002657a 4500
001 8578
003 FISKH
005 20251001151232.0
008 251001b cb ||||| |||| 00| 0 eng d
020 _a0717266818
040 _aFISKH
_beng
_cFISKH
_dFISKH
050 _aQL737.R68 S87
082 _a599.3232
100 _aSwitzer, Merebeth
_eAuthor
245 _aNature's children :
_bChipmunks /
_cSwitzer, Merebeth
250 _aThis edition published in 1996
260 _aNew York :
_bScholastic,
_c1985
300 _a47 pages :
_b color illustrations ;
_c22 cm
490 _aGetting to know...
520 _aDescribes the physical characteristics, habits, and habitats of chipmunks and beavers.
650 _aAnimals
_vChildren
650 _aNature's Children series
_vScience
942 _2ddc
_cBK
_n0
999 _c8578
_d8578